| 000 | 00493nam a22001817a 4500 | ||
|---|---|---|---|
| 003 | OSt | ||
| 005 | 20180116183053.0 | ||
| 008 | 160902b xxu||||| |||| 00| 0 eng d | ||
| 020 | _a0750617888 | ||
| 040 | _c0 | ||
| 082 | _a380.1 HAT 1992 | ||
| 100 | _aHatton,Angela | ||
| 245 |
_aEconomic Theory and Marketing Practice _cAngela Hatton |
||
| 260 |
_aSingapore _bButter worth Heinemann _c1992 |
||
| 300 |
_a386 p. _bPB |
||
| 440 | _aEconomic Theory and Marketing Practice | ||
| 942 |
_2ddc _cBK |
||
| 999 |
_c351731 _d351731 |
||